Cội nguồn văn hóa Trung Hoa = Sự hình thành và phát triển nền văn hóa Trung Hoa

Shranjeno v:
Bibliografske podrobnosti
Glavni avtor: Đường Đắc Dương
Format: Knjiga
Jezik:Undetermined
Izdano: H. Hội Nhà Văn 2003
Teme:
Oznake: Označite
Brez oznak, prvi označite!
Thư viện lưu trữ: Trung tâm Học liệu Trường Đại học Cần Thơ
LEADER 00685nam a2200217Ia 4500
001 CTU_58897
008 210402s9999 xx 000 0 und d
020 |b 135000 
082 |a 951 
082 |b D561 
100 |a Đường Đắc Dương 
245 0 |a Cội nguồn văn hóa Trung Hoa = 
245 0 |b Sự hình thành và phát triển nền văn hóa Trung Hoa 
245 0 |c Đường Đắc Dương; Nguyễn Thị Thu Hiền 
260 |a H. 
260 |b Hội Nhà Văn 
260 |c 2003 
650 |a china,china 
650 |x civilization,history 
904 |i Minh 
980 |a Trung tâm Học liệu Trường Đại học Cần Thơ